00977 2200337 4500001002100000005001500021035002000036007000300056008004100059020002200100040002200122082001600144084001800160090002200178090002200200100003400222245008700256250003100343300002500374650001000399700002700409850001200436041000800448504003300456264003200489336002100521337003000542338002300572999002200595990002200617INLIS00000000085053120191023074434 a0010-0819000433ta190821s2019 yoi g 0 ind d a978-623-7210-75-7 aYOPDYOGbinderda04223a297.217 a297.217 ARI k aDEP 297.217 ARI k aCB-D.11 2019-11511 aArifin IlhamcUst.ePengarang10aKetika iblis akhirnya memberi nasihat /cUst. Arifin Ilham; penyunting, Sony Adams aCetakan pertama, Juni 2019 a188 halaman ;c20 cm 4aIblis0 aSony AdamsgPenyunting aYOPDYOG1 aind aBibliografi: halaman 183-1863 aYogyakarta :bMueeza,c2019 2rdacontentateks 2rdamediaatanpa perantara 2rdacarrieravolume aCB-D.11/2019-1151 aCB-D.11/2019-1151